Normal view
MARC view
- إدارة التسويق -منافذ التوزيع
Entry Topical Term
001 - CONTROL NUMBER
- control field: 32700
003 - CONTROL NUMBER IDENTIFIER
- control field: JO-AjAnu
005 - DATE AND TIME OF LATEST TRANSACTION
- control field: 20230606075507.0
008 - FIXED-LENGTH DATA ELEMENTS
- fixed length control field: 230606|| aca||aabn | a|a d
040 ## - CATALOGING SOURCE
- Original cataloging agency: JO-AjAnu
- Transcribing agency: JO-AjAnu
150 ## - HEADING--TOPICAL TERM
- Topical term or geographic name entry element: إدارة التسويق -منافذ التوزيع
670 ## - SOURCE DATA FOUND
- Source citation: Work cat.: (JO-AjAnu)16800: المرسي،جمال الدين محمد/ثابت عبدالرحمن ادريس, author 32699, المنشآت التسويقية : إدارة منافذ التوزيع : مدخل وصفي وتحليلي